FIFA 16 Best Players By Club - Liga - Statistics

General Stats
  • This quiz has been taken 129 times
  • The average score is 12 of 60
Answer Stats
Club Player Rank % Correct
Real Madrid Cristiano Ronaldo 93
95%
FC Barcelona Lionel Messi 94
95%
FC Barcelona Luis Suarez 90
94%
FC Barcelona Neymar 89
91%
Atlético Madrid Antoine Griezmann 84
83%
Real Madrid Toni Kroos 87
73%
Atlético Madrid Diego Godin 85
67%
Real Madrid James Rodriguez 87
55%
Athletic Bilbao Aritz Aduriz 82
34%
Valencia CF Daniel Parejo 82
34%
Real Sociedad Inigo Martinez 80
31%
Atlético Madrid Jackson Martinez 84
31%
Valencia CF Diego Alves 83
27%
Celta Vigo Nolito 82
24%
Athletic Bilbao Aymeric Laporte 83
21%
Sevilla FC Grzegorz Krychowiak 82
17%
Sevilla FC Yevhen Konoplyanka 82
17%
Deportivo La Coruna Lucas Pérez 78
16%
Granada CF Rubén Pérez 76
16%
Real Sociedad Carlos Vela 81
15%
Villarreal CF Bruno 81
14%
Granada CF Andrés Fernandez 77
13%
Malaga CF Carlos Kameni 79
11%
Real Betis Joaquin 79
10%
Real Betis Ruben Castro 79
10%
Valencia CF Shkodran Mustafi 82
10%
Sevilla FC Victor Vitolo 81
10%
Rayo Vallecano Tito 77
9%
Celta Vigo Fabian Orellana 80
8%
UD Las Palmas Jonathan Viera 77
8%
Levante UD José Luis Morales 77
8%
Getafe CF Pedro Leon 78
8%
Rayo Vallecano Roberto Trashorras 80
7%
Villarreal CF Victor Ruiz 80
7%
Sporting Gijon Alen Halilovic 77
6%
Real Sociedad Asier Illarramendi 79
6%
Malaga CF Guillermo Ochoa 79
6%
Getafe CF Vicente Guaita 77
6%
Athletic Bilbao Ander Iturraspe 81
5%
Celta Vigo Hugo Mallo 78
5%
Malaga CF Ignacio Camacho 80
5%
Villarreal CF Mateo Musacchio 81
5%
Granada CF Miguel Lopes 76
5%
Levante UD Nabil Ghilas 76
5%
Getafe CF Pablo Sarabia 77
5%
Real Betis Rafael van der Vaart 77
5%
Deportivo La Coruna Sidnei 77
5%
RCD Espanyol Felipe Caicedo 78
4%
Sporting Gijon Jony 76
4%
RCD Espanyol Papa Diop 77
4%
UD Las Palmas Sergio Araujo 76
4%
Sporting Gijon Bernardo Espinosa 76
3%
Deportivo La Coruna Celso Borges 77
3%
Levante UD Deyverson 76
3%
UD Las Palmas Javi Varas 75
3%
RCD Espanyol José Canas 77
3%
Rayo Vallecano José Raul Baena 78
3%
SD Eibar Saul Berjon 76
3%
SD Eibar Xabier Irureta 75
3%
SD Eibar Borja Ekiza 75
2%
No matching quizzes found
Score Distribution
Percent of People with Each Score
Percentile by Number Answered
Your Score History
You have not taken this quiz